Sports Quiz

Random Sports or NCAA Quiz

Schools in WCHA Quiz Stats

 Plays Quiz not verified by Sporcle

Score 0/12 Timer 02:00
0 Plays Today
Schools % Correct
Wisconsin
96.3%
Minnesota
96.3%
North Dakota
92.6%
Denver
88.9%
Minnesota Duluth
85.2%
Minnesota State
81.5%
Colorado College
80.2%
Alaska Anchorage
75.3%
St. Cloud State
74.1%
Michigan Tech
69.1%
Bemidji State
65.4%
Nebraska-Omaha
54.3%

You're not logged in!

Compare scores with friends on all Sporcle quizzes.
OR
Log In

Show Comments

Extras

Top Quizzes Today


Score Distribution

Your Account Isn't Verified!

In order to create a playlist on Sporcle, you need to verify the email address you used during registration. Go to your Sporcle Settings to finish the process.

Report this User

Report this user for behavior that violates our Community Guidelines.

Details: